000 00944nam a2200277 i 4500
001 186167
003 SpMaBN
005 20250818055237.0
008 160914s2016 sp a |||| | spa d
020 _a978-84-16647-42-2
080 _a159.964.21
100 1 _aSanfeliu, Isabel.
_9160846
245 1 0 _aAmar-se
_b: ecos actuales de Narciso /
_cIsabel Sanfeliu.
260 _aMadrid :
_bBiblioteca Nueva,
_c[2016]
300 _a287 p. :
_bil. ;
_c21 cm.
490 1 _aNuevos temas de psicoanálisis
504 _aBibliografía: p. [283]-287.
650 7 _aNarcisismo.
_9160847
650 7 _aNarciso (Personaje mitológico)
_2embne
_9160849
650 4 _aPsicopatología.
_916577
830 0 _aNuevos temas de psicoanálisis
_9225357
852 _aES-MaACL
_jA-13859
_9193220
_bR.151197
_cDEPO1
_dOlim: N-6859
_hDonación: Isabel Sanfeliu
903 _9160846
_aSanfeliu, Isabel
_ednr
942 _2udc
_cMONOGRAFIA
999 _c186167
_d186167